Statistics for Geography General Knowledge 1

Click here to take the quiz!

General Stats

  • This quiz has been taken 28 times
  • The average score is 9 of 15

Answer Stats

HintAnswer% Correct
Name the only country beginning with O.Oman
100%
Country starting with Y and ending in NYemen
92%
The only country in south america to start with a V.Venezuela
88%
Worlds smallest country (HINT- EUROPE)Vatican city
84%
Name the only country beginning with Q.Qatar
80%
What is the name of the island of the coast of IndiaSri lanka
80%
The only island in Europe that is a Country to still use the Euro.Malta
56%
Longest one worded country.Liechtenstein
48%
Which is the smallest stateRhode Island
48%
Country that has a red dragon on its flag.Wales
48%
Largest IslandGreenland
44%
How many countries are there that border only one country17
36%
Which 2 countries have the most neighbouring countriesRussia, China
28%
Biggest country in AfricaDemocratic republic of the Congo
20%
Which country is about the same size as ArizonaItaly
8%

Score Distribution

Percentile by Number Answered

Percent of People with Each Score

Your Score History

You have not taken this quiz